Sustitución del control automático para un taladro de tarjetas de circuito impreso (etapa del control de motores de pasos)

Збережено в:
Бібліографічні деталі
Автор: Ramírez Víquez, Alberto
Формат: Книга
Опубліковано: [San José , Costa Rica] 1995
Предмети:
Теги: Додати тег
Немає тегів, Будьте першим, хто поставить тег для цього запису!

MARC

LEADER 00000nam a2200000Ia 4500
003 007795
005 20221231144250.0
008 140114s1995 cr a m 000 ||s d
040 |c cru CEDI 
090 |a TFG 3368 
100 |a Ramírez Víquez, Alberto  |9 8996 
245 |a Sustitución del control automático para un taladro de tarjetas de circuito impreso (etapa del control de motores de pasos) 
260 |c 1995  |a [San José , Costa Rica] 
300 |a  ix, 45 páginas : ilustraciones  
500 |a Proyecto de graduación (bachillerato en ingeniería eléctrica)--Universidad de Costa Rica. Facultad de Ingeniería. Escuela de Ingeniería Eléctrica 
650 |x SISTEMAS DE CONTROL DE AUTOMATAS   |x TALADROS - CONTROL AUTOMATICO   |x TARJETAS DE CIRCUITO IMPRESO  |9 10522 
942 |c TFG 
999 |c 19296  |d 19296